| 000 | 01383nam1a2200301 i 4500 | ||
|---|---|---|---|
| 001 | RU\NLR\bibl\1413037 | ||
| 005 | 20260406231122.0 | ||
| 035 | _a(NLR Aleph) 001405015 | ||
| 090 |
_a1246483 _c1246483 |
||
| 100 | _a20090915g20089999u y0rusy50 ca | ||
| 101 | 0 | _arus | |
| 102 | _aRU | ||
| 105 | _a||||z ||||| | ||
| 200 | 1 |
_aПодростковая медицина _eпособие для врачей общей практики _e[в 2 т.] _fМ-во здравоохранения и социального развития РФ, Владивосток. гос. мед. ун-т _gпод общ. ред. проф. В.Б. Шуматова |
|
| 210 |
_aВладивосток _cМедицина ДВ _d2008 |
||
| 215 | _d21 | ||
| 463 | 0 | _10011348400 | |
| 463 | 0 | _10011663564 | |
| 606 |
_aПодростковая медицина _jУчебные издания для последипломного образования _91641118 _3RU\NLR\auth\66725772 |
||
| 686 | _aР733я77 | ||
| 686 | _aР731я77 | ||
| 702 | 1 |
_aШуматов _bВ. Б. _gВалентин Борисович _4340 |
|
| 712 | 0 | 2 |
_4570 _aВладивостокский государственный медицинский университет _3RU\NLR\AUTH\889983521 _9462869 |
| 801 | 0 |
_aRU _bNLR _c20090915 _gRCR |
|
| 801 | 1 |
_aRU _bNLR _c20090915 |
|
| 852 |
_aNLR _j2009-3/9800 |
||
| 942 | _cBOOK | ||